Normal view
MARC view
- Rosenthal, Jeffrey Seth
Entry Personal Name
001 - CONTROL NUMBER
- control field: 103360
003 - CONTROL NUMBER IDENTIFIER
- control field: NUST
005 - DATE AND TIME OF LATEST TRANSACTION
- control field: 20221122133613.0
008 - FIXED-LENGTH DATA ELEMENTS
- fixed length control field: 221122|| aca||aabn | a|a d
040 ## - CATALOGING SOURCE
- Original cataloging agency: NUST
- Transcribing agency: NUST
100 ## - HEADING--PERSONAL NAME
- Personal name: Rosenthal, Jeffrey Seth
670 ## - SOURCE DATA FOUND
- Source citation: Work cat.: (NUST)219420: Evans, Michael John 103359, Probability and statistics :, 2004
